LEADER 03449nam 2200469z- 450 001 9910557828203321 005 20230221133250.0 010 $a961-05-0358-6 035 $a(CKB)5400000000048505 035 $a(oapen)https://directory.doabooks.org/handle/20.500.12854/80432 035 $a(EXLCZ)995400000000048505 100 $a20202204d2014 |y 0 101 0 $aslv 135 $aurmn|---annan 181 $ctxt$2rdacontent 182 $cc$2rdamedia 183 $acr$2rdacarrier 200 10$aUpravljanje obmo?ij s kulturno dedi??ino 210 $aLjubljana$cZRC SAZU, Zalo?ba ZRC$d2014 215 $a1 electronic resource (208 p.) 225 1 $aCAPAcities$v2 311 $a961-254-708-4 330 $aManaging Cultural Heritage AreasComprehensive planning for cultural heritage areas must bring together social, cultural, economic, transport, and environmental aspects and promote active inclusion of various, and even conflicting, interest groups in a guided participatory process. In order for managers of such areas to best equip themselves with useful information, this book presents various topics that are important from the perspective of cultural heritage management: classification of cultural heritage, the role of UNESCO and its guidelines in protecting cultural heritage, and theoretical views on cultural heritage preservation. This is followed by a planning section, which presents environmental planning in areas with cultural heritage, the role of cultural heritage and protecting it, revitalization of old urban cores, and restoration of historical buildings and town centers. 330 $aCelovito na?rtovanje obmo?ij s kulturno dedi??ino mora zdru?evati dru?bene, kulturne, gospodarske, prometne in okoljske vidike ter spodbujati aktivno vklju?evanje razli?nih, tudi nasprotujo?ih si interesnih skupin v voden participativni proces. Da bi upravljavce tovrstnih obmo?ij ?im bolje opremili s koristnimi informacijami, so v knjigi predstavljene razli?ne teme, pomembne z vidika upravljanja kulturne dedi??ine, in sicer: tipizacija kulturne dedi??ine, vloga Unesca in njegove smernice pri varovanju kulturne dedi??ine ter teoretski pogledi na ohranjanje kulturne dedi??ine. Sledi planerski del, kjer predstavljamo okoljsko na?rtovanje na obmo?jih s kulturno dedi??ino, vlogo in varstvo kulturne pokrajine, revitalizacijo starih mestnih jeder, obnovo zgodovinskih stavb in sredi??. Nadaljujemo s prispevki o javno zasebnem partnerstvu, razvojnih potencialih kulturne dedi??ine, vlogi socialnega podjetni?tva pri obnovi obmo?ij kulturne dedi??ine, o rabi kulturne dedi??ine na podro?ju blagovnih znamk, tr?enju kulturne dedi??ine ter o s kulturo in kulturno dedi??ino povezanemu odgovornem turizmu v pode?elskih obmo?jih. 606 $aMuseology & heritage studies$2bicssc 606 $aGeography$2bicssc 610 $acollective volume 610 $acultural heritage 610 $amanagement 610 $akulturna dedi??ina 610 $aupravljanje 610 $azborniki 615 7$aMuseology & heritage studies 615 7$aGeography 700 $aNared$b Janez$4edt$01286279 702 $aRazpotnik Viskovi?$b Nika$4edt 702 $aNared$b Janez$4oth 702 $aRazpotnik Viskovi?$b Nika$4oth 906 $aBOOK 912 $a9910557828203321 996 $aUpravljanje obmo?ij s kulturno dedi??ino$93031086 997 $aUNINA